| 000 | 00745nam a2200217 a 4500 | ||
|---|---|---|---|
| 001 | BRCA_38 | ||
| 005 | 20190320202844.0 | ||
| 008 | 930309s1994 enka---##b---#001-0#eng-# | ||
| 020 | _a0415094984 | ||
| 040 |
_aDLC _cDLC _dDLC |
||
| 050 | 4 |
_aAM5 _b.C66 1994 |
|
| 245 | 1 | 0 |
_aTowards the Museum of the Future _bnew European Perspectives _cedited by Roger Miles and Lauro Zavala. |
| 260 |
_aLondres ; Nueva York _bThe Conservation Unit of the Museums & Galleries Commission ; Routledge _c1994 |
||
| 300 |
_axiii, 203 p. _bil. _c26 cm. |
||
| 504 | _aBibliografĂa: p. 190-191 | ||
| 650 | 1 | 4 |
_aMuseos _zEuropa _9172 |
| 651 | 4 |
_aEuropa _xPolĂtica cultural _9173 |
|
| 700 | 1 |
_aMiles, Roger S. _eed. _9174 |
|
| 700 | 1 |
_aZavala, Lauro _eed. _9175 |
|
| 942 |
_2lcc _cB |
||
| 999 |
_c38 _d38 |
||